| LEADER | 01277nam a2200229 4500 | ||
|---|---|---|---|
| 082 | |a 807 |b V500D | ||
| 100 | |a Vũ Dương Quỹ | ||
| 245 | |a Văn bản ngữ văn 12 |c Vũ Dương Quỹ, Lê Bảo |b Giợi ý đọc - hiểu và lời bình | ||
| 260 | |a H. |b Giáo dục |c 2008 | ||
| 300 | |a 288 tr. |c 24 cm. | ||
| 520 | |a v.v... | ||
| 653 | |a Văn học | ||
| 653 | |a Ngữ văn | ||
| 653 | |a Lớp 12 | ||
| 653 | |a Văn bản | ||
| 942 | |2 ddc |c STK0 | ||
| 999 | |c 8997 |d 8997 | ||
| 952 | |0 0 |1 0 |2 ddc |4 0 |6 807_000000000000000_V500D |7 0 |8 800 |9 73748 |a qbu |b qbu |c D5 |d 2015-05-04 |g 37000 |o 807 V500D |p 8420.c1 |r 0000-00-00 |w 2015-05-04 |y STK0 | ||
| 952 | |0 0 |1 0 |2 ddc |4 0 |6 807_000000000000000_V500D |7 0 |8 800 |9 94331 |a qbu |b qbu |c D5 |d 2015-09-25 |g 37000 |l 1 |m 1 |o 807 V500D |p 8420.c2 |r 2017-03-17 |s 2017-03-01 |w 2015-09-25 |y STK0 | ||
| 952 | |0 0 |1 0 |2 ddc |4 0 |6 807_000000000000000_V500D |7 0 |8 800 |9 94332 |a qbu |b qbu |c D5 |d 2015-09-25 |g 37000 |o 807 V500D |p 8420.c3 |r 0000-00-00 |w 2015-09-25 |y STK0 | ||
| 952 | |0 0 |1 0 |2 ddc |4 0 |6 807_000000000000000_V500D |7 0 |8 800 |9 94333 |a qbu |b qbu |c D5 |d 2015-09-25 |g 37000 |l 3 |m 3 |o 807 V500D |p 8420.c4 |r 2017-06-05 |s 2017-05-22 |w 2015-09-25 |y STK0 | ||
| 952 | |0 0 |1 0 |2 ddc |4 0 |6 807_000000000000000_V500D |7 0 |8 800 |9 94334 |a qbu |b qbu |c D5 |d 2015-09-25 |g 37000 |l 3 |m 2 |o 807 V500D |p 8420.c5 |r 2018-04-12 |s 2018-03-26 |w 2015-09-25 |y STK0 | ||